000
00479nam a2200133Ia 4500
008
100328s9999 xx 000 0 und d
082
_b
65338
100
_a
भोसले सु.बा.
245
_a
आधुनिक संत विनोबा भावे.
260
_b
ज्ञानगंगा.
630
_a
आधुनिक संत विनोबा भावे.
730
_a
आधुनिक संत विनोबा भावे.
942
_c
BOOK
999
_c
551085
_d
551082